{"text_format":"3","workbook":"xlsx","n_sheets":1,"sheets":["t216"],"read":"whole","date_system":"1900"}

{"sheet":"t216","index":0,"n_rows":193,"n_cols":7,"rows_kept":193,"merged":[[0,0,0,6],[30,0,30,5],[46,0,46,5],[148,0,148,5]]}
["TABELA 216.1 - Estatísticas Agrícolas, Município de Holambra, Estado de São Paulo, 2007/08."]
["ITEM","UNIDADE","N.DE UPAs","MÍNIMO","MÉDIO","MÁXIMO","TOTAL"]
["Distância à sede do município","km",331,0.1,{"v":4.43,"d":"4.4"},{"v":11,"d":"11.0"},"-"]
["Área total","hectare",331,0.6,{"v":15.52,"d":"15.5"},{"v":316,"d":"316.0"},{"v":5137.5,"d":"5,137.5"}]
["Área com cultura perene","hectare",120,0.1,{"v":10.55,"d":"10.6"},41.5,{"v":1265.8,"d":"1,265.8"}]
["Área com cultura temporária","hectare",249,0.1,{"v":8.29,"d":"8.3"},{"v":240,"d":"240.0"},{"v":2064.7,"d":"2,064.7"}]
["Área com pastagem","hectare",128,0.3,{"v":5.69,"d":"5.7"},{"v":97,"d":"97.0"},728.9]
["Área com reflorestamento","hectare",32,0.1,{"v":2.79,"d":"2.8"},{"v":24,"d":"24.0"},89.4]
["Área com vegetação natural","hectare",92,0.1,{"v":2.76,"d":"2.8"},35.8,253.5]
["Área com vegetação de brejo e várzea","hectare",27,0.1,{"v":2.23,"d":"2.2"},26.3,60.2]
["Área em descanso","hectare",38,0.1,{"v":4.83,"d":"4.8"},{"v":30,"d":"30.0"},183.6]
["Área complementar","hectare",282,0.1,{"v":1.74,"d":"1.7"},{"v":35,"d":"35.0"},491.4]
["Área das UPAs com (0, 1] ha","hectare",3,0.6,{"v":0.87,"d":"0.9"},{"v":1,"d":"1.0"},2.6]
["Área das UPAs com (1, 2] ha","hectare",39,1.2,{"v":1.93,"d":"1.9"},{"v":2,"d":"2.0"},75.4]
["Área das UPAs com (2, 5] ha","hectare",65,2.1,{"v":3.28,"d":"3.3"},{"v":5,"d":"5.0"},212.9]
["Área das UPAs com (5, 10] ha","hectare",57,5.2,{"v":7.68,"d":"7.7"},{"v":10,"d":"10.0"},437.8]
["Área das UPAs com (10, 20] ha","hectare",81,10.1,{"v":14.83,"d":"14.8"},{"v":20,"d":"20.0"},{"v":1201.5,"d":"1,201.5"}]
["Área das UPAs com (20, 50] ha","hectare",78,20.3,{"v":29.71,"d":"29.7"},{"v":45,"d":"45.0"},{"v":2317.4,"d":"2,317.4"}]
["Área das UPAs com (50, 100] ha","hectare",6,{"v":53,"d":"53.0"},{"v":68.82,"d":"68.8"},94.8,412.9]
["Área das UPAs com (100, 200] ha","hectare",1,{"v":161,"d":"161.0"},{"v":161,"d":"161.0"},{"v":161,"d":"161.0"},{"v":161,"d":"161.0"}]
["Área das UPAs com (200, 500] ha","hectare",1,{"v":316,"d":"316.0"},{"v":316,"d":"316.0"},{"v":316,"d":"316.0"},{"v":316,"d":"316.0"}]
["Área das UPAs com (500, 1.000] ha","hectare","-","-","-","-","-"]
["Área das UPAs com (1.000, 2.000] ha","hectare","-","-","-","-","-"]
["Área das UPAs com (2.000, 5.000] ha","hectare","-","-","-","-","-"]
["Área das UPAs com (5.000, 10.000] ha","hectare","-","-","-","-","-"]
["Área das UPAs acima de 10.000 ha","hectare","-","-","-","-","-"]
["Familiares do proprietário que trabalham na UPA","unidade",299,{"v":1,"d":"1.0"},{"v":1.85,"d":"1.9"},{"v":6,"d":"6.0"},{"v":552,"d":"552.0"}]
["Trabalhadores permanentes","unidade",212,{"v":1,"d":"1.0"},{"v":10.34,"d":"10.3"},{"v":100,"d":"100.0"},{"v":2193,"d":"2,193.0"}]
["Fonte: Secretaria de Agricultura e Abastecimento, CDRS/IEA, Projeto LUPA."]
[]
["TABELA 216.2 - Explorações Animais, Município de Holambra, Estado de São Paulo, 2007/08."]
["ITEM","UNIDADE","N.DE UPAs","MÍNIMO","MÉDIO","MÁXIMO","TOTAL"]
["Asininos E Muares","cabeças",1,{"v":1,"d":"1.0"},{"v":1,"d":"1.0"},{"v":1,"d":"1.0"},{"v":1,"d":"1.0"}]
["Avestruzes e Ema (Criadouro)","cabeças",1,{"v":50,"d":"50.0"},{"v":50,"d":"50.0"},{"v":50,"d":"50.0"},{"v":50,"d":"50.0"}]
["Avicultura de Corte","cabeças/ano",22,{"v":50000,"d":"50,000.0"},{"v":239467.05,"d":"239,467.1"},{"v":1000000,"d":"1,000,000.0"},{"v":5268275,"d":"5,268,275.0"}]
["Avicultura para Ovos","cabeças",7,{"v":18000,"d":"18,000.0"},{"v":73285.71,"d":"73,285.7"},{"v":250000,"d":"250,000.0"},{"v":513000,"d":"513,000.0"}]
["Bovinocultura de Corte","cabeças",13,{"v":4,"d":"4.0"},{"v":26.31,"d":"26.3"},{"v":150,"d":"150.0"},{"v":342,"d":"342.0"}]
["Bovinocultura Leiteira","cabeças",11,{"v":2,"d":"2.0"},{"v":26.45,"d":"26.5"},{"v":120,"d":"120.0"},{"v":291,"d":"291.0"}]
["Bovinocultura Mista","cabeças",17,{"v":2,"d":"2.0"},{"v":16.65,"d":"16.7"},{"v":135,"d":"135.0"},{"v":283,"d":"283.0"}]
["Bubalinocultura","cabeças",1,{"v":4,"d":"4.0"},{"v":4,"d":"4.0"},{"v":4,"d":"4.0"},{"v":4,"d":"4.0"}]
["Caprinocultura","cabeças",3,{"v":12,"d":"12.0"},{"v":40.67,"d":"40.7"},{"v":95,"d":"95.0"},{"v":122,"d":"122.0"}]
["Equinocultura","cabeças",20,{"v":1,"d":"1.0"},{"v":5,"d":"5.0"},{"v":21,"d":"21.0"},{"v":100,"d":"100.0"}]
["Ovinocultura","cabeças",4,{"v":11,"d":"11.0"},{"v":186,"d":"186.0"},{"v":700,"d":"700.0"},{"v":744,"d":"744.0"}]
["Suinocultura","cabeças",26,{"v":2,"d":"2.0"},{"v":1084.96,"d":"1,085.0"},{"v":4800,"d":"4,800.0"},{"v":28209,"d":"28,209.0"}]
["Fonte: Secretaria de Agricultura e Abastecimento, CDRS/IEA, Projeto LUPA."]
[]
["TABELA 216.3 -  Máquinas, Implementos e Benfeitorias, Município de Holambra, Estado de São Paulo, 2007/08."]
["ITEM","UNIDADE","N.DE UPAs","MÍNIMO","MÉDIO","MÁXIMO","TOTAL"]
["Arado Comum (Bacia, Aiveca)","Unidade",8,{"v":1,"d":"1.0"},{"v":1.13,"d":"1.1"},{"v":2,"d":"2.0"},{"v":9,"d":"9.0"}]
["Arado Escarificador","Unidade",37,{"v":1,"d":"1.0"},{"v":1.03,"d":"1.0"},{"v":2,"d":"2.0"},{"v":38,"d":"38.0"}]
["Arado Subsolador","Unidade",54,{"v":1,"d":"1.0"},{"v":1.11,"d":"1.1"},{"v":2,"d":"2.0"},{"v":60,"d":"60.0"}]
["Batedeira de Cereais","Unidade",15,{"v":1,"d":"1.0"},1.2,{"v":3,"d":"3.0"},{"v":18,"d":"18.0"}]
["Câmara Fria","Unidade",25,{"v":1,"d":"1.0"},1.4,{"v":5,"d":"5.0"},{"v":35,"d":"35.0"}]
["Colhedeira Acoplada","Unidade",1,{"v":2,"d":"2.0"},{"v":2,"d":"2.0"},{"v":2,"d":"2.0"},{"v":2,"d":"2.0"}]
["Computador","Unidade",106,{"v":1,"d":"1.0"},{"v":1.92,"d":"1.9"},{"v":4,"d":"4.0"},{"v":204,"d":"204.0"}]
["Conj.Irrigação Autopropelido","Unidade",24,{"v":1,"d":"1.0"},{"v":1.04,"d":"1.0"},{"v":2,"d":"2.0"},{"v":25,"d":"25.0"}]
["Conj.Irrigação Convencional","Unidade",145,{"v":1,"d":"1.0"},{"v":1.17,"d":"1.2"},{"v":5,"d":"5.0"},{"v":170,"d":"170.0"}]
["Conj.Irrigação Pivot Central","Unidade",1,{"v":1,"d":"1.0"},{"v":1,"d":"1.0"},{"v":1,"d":"1.0"},{"v":1,"d":"1.0"}]
["Conj.Irrigação/Gotejamento/Microaspersão","Unidade",108,{"v":1,"d":"1.0"},{"v":1.58,"d":"1.6"},{"v":12,"d":"12.0"},{"v":171,"d":"171.0"}]
["Conjunto de Fenação","Unidade",13,{"v":1,"d":"1.0"},{"v":1,"d":"1.0"},{"v":1,"d":"1.0"},{"v":13,"d":"13.0"}]
["Desintegrador de Palha (Plantio Direto)","Unidade",2,{"v":1,"d":"1.0"},1.5,{"v":2,"d":"2.0"},{"v":3,"d":"3.0"}]
["Desintegrador, Picador, Triturador","Unidade",34,{"v":1,"d":"1.0"},{"v":1.15,"d":"1.2"},{"v":2,"d":"2.0"},{"v":39,"d":"39.0"}]
["Distribuidor de Calcário","Unidade",5,{"v":1,"d":"1.0"},1.4,{"v":2,"d":"2.0"},{"v":7,"d":"7.0"}]
["Ensiladeira","Unidade",18,{"v":1,"d":"1.0"},{"v":1.33,"d":"1.3"},{"v":3,"d":"3.0"},{"v":24,"d":"24.0"}]
["Grade Aradora (Tipo Romi)","Unidade",5,{"v":1,"d":"1.0"},{"v":1,"d":"1.0"},{"v":1,"d":"1.0"},{"v":5,"d":"5.0"}]
["Grade Niveladora","Unidade",15,{"v":1,"d":"1.0"},{"v":1,"d":"1.0"},{"v":1,"d":"1.0"},{"v":15,"d":"15.0"}]
["Microtrator","Unidade",25,{"v":1,"d":"1.0"},{"v":1.36,"d":"1.4"},{"v":4,"d":"4.0"},{"v":34,"d":"34.0"}]
["Misturador de Ração","Unidade",4,{"v":1,"d":"1.0"},{"v":1,"d":"1.0"},{"v":1,"d":"1.0"},{"v":4,"d":"4.0"}]
["Ordenhadeira Mecânica","Unidade",10,{"v":1,"d":"1.0"},1.1,{"v":2,"d":"2.0"},{"v":11,"d":"11.0"}]
["Pulverizador Tratorizado","Unidade",98,{"v":1,"d":"1.0"},{"v":1.49,"d":"1.5"},{"v":5,"d":"5.0"},{"v":146,"d":"146.0"}]
["Resfriador de Leite, Tanque Expansão","Unidade",7,{"v":1,"d":"1.0"},{"v":1.43,"d":"1.4"},{"v":2,"d":"2.0"},{"v":10,"d":"10.0"}]
["Semeadeira/Adubadeira para Plantio Convencional","Unidade",8,{"v":1,"d":"1.0"},{"v":1,"d":"1.0"},{"v":1,"d":"1.0"},{"v":8,"d":"8.0"}]
["Semeadeira/Plantadeira Plantio Direto","Unidade",44,{"v":1,"d":"1.0"},{"v":1.16,"d":"1.2"},{"v":4,"d":"4.0"},{"v":51,"d":"51.0"}]
["Terraceador","Unidade",1,{"v":1,"d":"1.0"},{"v":1,"d":"1.0"},{"v":1,"d":"1.0"},{"v":1,"d":"1.0"}]
["Trator de Pneus","Unidade",151,{"v":1,"d":"1.0"},{"v":2.14,"d":"2.1"},{"v":12,"d":"12.0"},{"v":323,"d":"323.0"}]
["Açude/Represa","Unidade",96,{"v":1,"d":"1.0"},{"v":1.44,"d":"1.4"},{"v":9,"d":"9.0"},{"v":138,"d":"138.0"}]
["Almoxarifado/Oficina","Unidade",103,{"v":1,"d":"1.0"},{"v":1.08,"d":"1.1"},{"v":2,"d":"2.0"},{"v":111,"d":"111.0"}]
["Armazém para Grãos Ensacados","Sacas",5,{"v":1,"d":"1.0"},600.8,{"v":3000,"d":"3,000.0"},{"v":3004,"d":"3,004.0"}]
["Balança para Bovinos","Unidade",2,{"v":1,"d":"1.0"},{"v":1,"d":"1.0"},{"v":1,"d":"1.0"},{"v":2,"d":"2.0"}]
["Barracão para Granja/Avicultura","Unidade",38,{"v":1,"d":"1.0"},{"v":3.74,"d":"3.7"},{"v":17,"d":"17.0"},{"v":142,"d":"142.0"}]
["Barracão/Galpão/Garagem","Unidade",188,{"v":1,"d":"1.0"},{"v":1.59,"d":"1.6"},{"v":5,"d":"5.0"},{"v":299,"d":"299.0"}]
["Biodigestor","Unidade",1,{"v":1,"d":"1.0"},{"v":1,"d":"1.0"},{"v":1,"d":"1.0"},{"v":1,"d":"1.0"}]
["Casa de Moradia Habitada","Unidade",263,{"v":1,"d":"1.0"},{"v":3.11,"d":"3.1"},{"v":20,"d":"20.0"},{"v":819,"d":"819.0"}]
["Casa de Moradia Total","Unidade",265,{"v":1,"d":"1.0"},{"v":3.14,"d":"3.1"},{"v":20,"d":"20.0"},{"v":831,"d":"831.0"}]
["Curral/Mangueira","Unidade",32,{"v":1,"d":"1.0"},{"v":1,"d":"1.0"},{"v":1,"d":"1.0"},{"v":32,"d":"32.0"}]
["Depósito/Tulha","Unidade",2,{"v":1,"d":"1.0"},{"v":1,"d":"1.0"},{"v":1,"d":"1.0"},{"v":2,"d":"2.0"}]
["Estábulo","Unidade",13,{"v":1,"d":"1.0"},{"v":1.15,"d":"1.2"},{"v":2,"d":"2.0"},{"v":15,"d":"15.0"}]
["Estufa/Plasticultura","m²",158,{"v":390,"d":"390.0"},{"v":13493.61,"d":"13,493.6"},{"v":140000,"d":"140,000.0"},{"v":2131990,"d":"2,131,990.0"}]
["Fábrica de Ração","Unidade",2,{"v":1,"d":"1.0"},{"v":1,"d":"1.0"},{"v":1,"d":"1.0"},{"v":2,"d":"2.0"}]
["Instalações para Equinos","Unidade",5,{"v":1,"d":"1.0"},{"v":9,"d":"9.0"},{"v":40,"d":"40.0"},{"v":45,"d":"45.0"}]
["Máquina de Benefício","Unidade",2,{"v":1,"d":"1.0"},{"v":1,"d":"1.0"},{"v":1,"d":"1.0"},{"v":2,"d":"2.0"}]
["Pocilga","Unidade",30,{"v":1,"d":"1.0"},{"v":3.53,"d":"3.5"},{"v":11,"d":"11.0"},{"v":106,"d":"106.0"}]
["Poço Semi-Artesiano","Unidade",99,{"v":1,"d":"1.0"},{"v":1.32,"d":"1.3"},{"v":3,"d":"3.0"},{"v":131,"d":"131.0"}]
["Posto Meteorológico","Unidade",1,{"v":1,"d":"1.0"},{"v":1,"d":"1.0"},{"v":1,"d":"1.0"},{"v":1,"d":"1.0"}]
["Silo para Grãos","t",4,{"v":53,"d":"53.0"},{"v":15158.25,"d":"15,158.3"},{"v":60000,"d":"60,000.0"},{"v":60633,"d":"60,633.0"}]
["Silo para Silagem","t",13,{"v":4,"d":"4.0"},{"v":80325.31,"d":"80,325.3"},{"v":1040000,"d":"1,040,000.0"},{"v":1044229,"d":"1,044,229.0"}]
["Terreiro","m²",2,{"v":300,"d":"300.0"},{"v":550,"d":"550.0"},{"v":800,"d":"800.0"},{"v":1100,"d":"1,100.0"}]
["Fonte: Secretaria de Agricultura e Abastecimento, CDRS/IEA, Projeto LUPA."]
[]
["TABELA 216.4 - Outras Estatísticas Agrícolas, Município de Holambra, Estado de São Paulo, 2007/08."]
["ITEM","Número de UPAs",null,"Percentual"]
["Faz Parte de Associação de Produtores",109,null,{"v":32.83132530120482,"d":"32.8"}]
["Faz Parte de Cooperativa de Produtores",226,null,{"v":68.07228915662651,"d":"68.1"}]
["Faz Parte do Sindicato de Produtores",55,null,{"v":16.566265060240962,"d":"16.6"}]
["Não utiliza assistência técnica ",204,null,{"v":61.44578313253012,"d":"61.4"}]
["Utiliza somente assistência técnica governamental ",35,null,{"v":10.542168674698795,"d":"10.5"}]
["Utiliza somente assistência técnica privada ",76,null,{"v":22.89156626506024,"d":"22.9"}]
["Utiliza assistência técnica tanto governamental quanto privada",16,null,{"v":4.819277108433735,"d":"4.8"}]
["Utiliza Crédito Rural",125,null,{"v":37.65060240963855,"d":"37.7"}]
["Utiliza Seguro Rural","-",null,"-"]
["Utiliza Escrituração Agrícola",239,null,{"v":71.98795180722891,"d":"72.0"}]
["Acessa Internet p/ Fins na Agropecuária",155,null,{"v":46.68674698795181,"d":"46.7"}]
["Utiliza Computador nas Atividades Agropecuárias",194,null,{"v":58.433734939759034,"d":"58.4"}]
["Utiliza Energia Elétrica Para Uso na Atividade Agrícola",314,null,{"v":94.57831325301204,"d":"94.6"}]
["Realiza Análise de Solo, quando necessário",235,null,{"v":70.78313253012048,"d":"70.8"}]
["Utiliza Práticas de Conservação de Solo, quando necessário",144,null,{"v":43.373493975903614,"d":"43.4"}]
["Faz Adubação Mineral, quando necessário",297,null,{"v":89.4578313253012,"d":"89.5"}]
["Faz Adubação Orgânica, quando necessário",240,null,{"v":72.28915662650601,"d":"72.3"}]
["Faz Adubação Verde, quando necessário",23,null,{"v":6.927710843373494,"d":"6.9"}]
["Utiliza Manejo Integrado de Pragas (MIP)",10,null,{"v":3.0120481927710845,"d":"3.0"}]
["Utiliza Hidroponia","-",null,"-"]
["Utiliza Plasticultura",195,null,{"v":58.73493975903614,"d":"58.7"}]
["Utiliza Mudas Fiscalizadas",77,null,{"v":23.192771084337352,"d":"23.2"}]
["Utiliza Semente Melhorada",117,null,{"v":35.24096385542169,"d":"35.2"}]
["Faz Confinamento de Bovinos","-",null,"-"]
["Utiliza Pastejo Intensivo",22,null,{"v":6.626506024096385,"d":"6.6"}]
["Faz Inseminação Artificial",16,null,{"v":4.819277108433735,"d":"4.8"}]
["Faz Mineralização do Rebanho",38,null,{"v":11.44578313253012,"d":"11.4"}]
["Faz Vermifugação do Rebanho",53,null,{"v":15.963855421686747,"d":"16.0"}]
["Possui Parceiros /Arrendatários na Exploração Animal",24,null,{"v":7.228915662650603,"d":"7.2"}]
["Esporte e lazer",2,null,{"v":0.6024096385542169,"d":"0.6"}]
["Extração mineral","-",null,"-"]
["Hotel Fazenda, Pousada ou SPA",1,null,{"v":0.3012048192771084,"d":"0.3"}]
["Pesque-pague","-",null,"-"]
["Restaurante ou Lanchonete",3,null,{"v":0.9036144578313253,"d":"0.9"}]
["Transformação artesanal",1,null,{"v":0.3012048192771084,"d":"0.3"}]
["Turismo rural ou ecoturismo",6,null,{"v":1.8072289156626506,"d":"1.8"}]
["Outras atividades econômicas rurais","-",null,"-"]
["Agroindústria","-",null,"-"]
["Proprietário sem instrução ou com instrução incompleta",4,null,{"v":1.2048192771084338,"d":"1.2"}]
["Proprietário com antigo primário completo",55,null,{"v":16.566265060240962,"d":"16.6"}]
["Proprietário com 1° grau (ou antigo ginasial) completo",51,null,{"v":15.36144578313253,"d":"15.4"}]
["Proprietário com 2° grau (ou antigo colegial) completo",115,null,{"v":34.63855421686747,"d":"34.6"}]
["Proprietário com curso superior completo ",82,null,{"v":24.698795180722893,"d":"24.7"}]
["Pessoa Jurídica",24,null,{"v":7.228915662650603,"d":"7.2"}]
["Proprietário residente na própria UPA ",148,null,{"v":44.57831325301205,"d":"44.6"}]
["Fonte: Secretaria de Agricultura e Abastecimento, CDRS/IEA, Projeto LUPA."]
[]
["TABELA 216.5 - Área Cultivada, Município de Holambra, Estado de São Paulo, 2007/08."]
["CULTURA","N.DE UPAs","MÍNIMO","MÉDIO","MÁXIMO","TOTAL"]
["Milho",90,0.5,{"v":13.03,"d":"13.0"},{"v":240,"d":"240.0"},{"v":1173.1,"d":"1,173.1"}]
["Laranja",79,0.1,{"v":10.22,"d":"10.2"},{"v":30,"d":"30.0"},807.4]
["Feijao",37,3.9,{"v":20.77,"d":"20.8"},{"v":240,"d":"240.0"},768.4]
["Gramas",95,0.3,{"v":5.19,"d":"5.2"},{"v":37,"d":"37.0"},493.1]
["Cana-de-acucar",26,0.4,{"v":14.64,"d":"14.6"},{"v":40,"d":"40.0"},380.7]
["Limao",52,0.1,{"v":5.76,"d":"5.8"},{"v":22,"d":"22.0"},299.5]
["Floricultura para corte",47,0.1,{"v":3.84,"d":"3.8"},{"v":18,"d":"18.0"},180.3]
["Floricultura para vaso",141,0.1,{"v":1.27,"d":"1.3"},10.5,179.7]
["Milho-silagem",11,0.5,{"v":13.16,"d":"13.2"},{"v":40,"d":"40.0"},144.8]
["Aveia",9,6.5,{"v":14.83,"d":"14.8"},{"v":20,"d":"20.0"},133.5]
["Coloniao",2,{"v":8,"d":"8.0"},52.5,{"v":97,"d":"97.0"},{"v":105,"d":"105.0"}]
["Outras gramineas para pastagem",21,0.5,{"v":3.39,"d":"3.4"},15.9,71.1]
["Tangerina",11,1.5,{"v":4.95,"d":"5.0"},{"v":24,"d":"24.0"},54.5]
["Braquiaria",12,{"v":1,"d":"1.0"},{"v":4.09,"d":"4.1"},{"v":18,"d":"18.0"},49.1]
["Eucalipto",9,0.1,{"v":5.01,"d":"5.0"},{"v":24,"d":"24.0"},45.1]
["Outras florestais",23,0.1,{"v":1.88,"d":"1.9"},{"v":10,"d":"10.0"},43.2]
["Triticale",3,5.5,11.5,{"v":15,"d":"15.0"},34.5]
["Lima",6,1.5,{"v":4.83,"d":"4.8"},11.2,{"v":29,"d":"29.0"}]
["Sorgo",1,{"v":20,"d":"20.0"},{"v":20,"d":"20.0"},{"v":20,"d":"20.0"},{"v":20,"d":"20.0"}]
["Girassol",1,{"v":20,"d":"20.0"},{"v":20,"d":"20.0"},{"v":20,"d":"20.0"},{"v":20,"d":"20.0"}]
["Tangor",1,{"v":20,"d":"20.0"},{"v":20,"d":"20.0"},{"v":20,"d":"20.0"},{"v":20,"d":"20.0"}]
["Tangelo",2,3.7,7.6,11.5,15.2]
["Abacate",4,{"v":1,"d":"1.0"},{"v":3.35,"d":"3.4"},6.5,13.4]
["Soja",1,{"v":13,"d":"13.0"},{"v":13,"d":"13.0"},{"v":13,"d":"13.0"},{"v":13,"d":"13.0"}]
["Capim-napier (ou capim-elefante)",6,0.2,{"v":1.43,"d":"1.4"},{"v":4,"d":"4.0"},8.6]
["Goiaba",2,{"v":1,"d":"1.0"},3.9,6.8,7.8]
["Lichia",2,1.5,{"v":3.25,"d":"3.3"},{"v":5,"d":"5.0"},6.5]
["Macadamia (ou noz-macadamia)",1,{"v":4,"d":"4.0"},{"v":4,"d":"4.0"},{"v":4,"d":"4.0"},{"v":4,"d":"4.0"}]
["Outras olericolas",2,0.1,1.3,2.5,2.6]
["Outras culturas temporárias",2,0.2,{"v":1.15,"d":"1.2"},2.1,2.3]
["Acerola (ou cereja-das-antilhas)",1,{"v":2,"d":"2.0"},{"v":2,"d":"2.0"},{"v":2,"d":"2.0"},{"v":2,"d":"2.0"}]
["Pessego",1,{"v":2,"d":"2.0"},{"v":2,"d":"2.0"},{"v":2,"d":"2.0"},{"v":2,"d":"2.0"}]
["Outras leguminosas para pastagem",2,{"v":1,"d":"1.0"},{"v":1,"d":"1.0"},{"v":1,"d":"1.0"},{"v":2,"d":"2.0"}]
["Cafe",1,1.4,1.4,1.4,1.4]
["Quiabo",2,0.2,0.6,{"v":1,"d":"1.0"},1.2]
["Viveiro de florestais",2,0.5,{"v":0.55,"d":"0.6"},0.6,1.1]
["Pupunha",1,{"v":1,"d":"1.0"},{"v":1,"d":"1.0"},{"v":1,"d":"1.0"},{"v":1,"d":"1.0"}]
["Mandioca",1,{"v":1,"d":"1.0"},{"v":1,"d":"1.0"},{"v":1,"d":"1.0"},{"v":1,"d":"1.0"}]
["Algodao",1,0.9,0.9,0.9,0.9]
["Banana",1,0.4,0.4,0.4,0.4]
["Uva rustica",1,0.4,0.4,0.4,0.4]
["Pomar domestico",1,0.3,0.3,0.3,0.3]
["Fonte: Secretaria de Agricultura e Abastecimento, CDRS/IEA, Projeto LUPA."]